<?xml version="1.0" encoding="UTF-8"?>
<marc:record xmlns:marc="http://www.loc.gov/MARC21/slim">
   <marc:leader>00000nam a2200000 a 4500</marc:leader>
   <marc:datafield ind1=" " ind2=" " tag="653">
      <marc:subfield code="a">Ferienzeit</marc:subfield>
   </marc:datafield>
   <marc:datafield ind1=" " ind2=" " tag="653">
      <marc:subfield code="a">Kinder 6 - 10 Jahre</marc:subfield>
   </marc:datafield>
   <marc:datafield ind1=" " ind2=" " tag="653">
      <marc:subfield code="a">LEADER</marc:subfield>
   </marc:datafield>
   <marc:datafield ind1=" " ind2=" " tag="653">
      <marc:subfield code="a">Mini-Bib</marc:subfield>
   </marc:datafield>
   <marc:datafield ind1=" " ind2=" " tag="653">
      <marc:subfield code="a">SPK</marc:subfield>
   </marc:datafield>
   <marc:datafield ind1=" " ind2=" " tag="653">
      <marc:subfield code="a">Spiele</marc:subfield>
   </marc:datafield>
   <marc:datafield ind1=" " ind2=" " tag="653">
      <marc:subfield code="a">Weltraum</marc:subfield>
   </marc:datafield>
   <marc:datafield ind1="0" ind2="0" tag="245">
      <marc:subfield code="a">Space Escape</marc:subfield>
   </marc:datafield>
   <marc:datafield ind1="1" ind2=" " tag="520">
      <marc:subfield code="a">Helft den niedlichen Nagern in diesem kooperativen und spannenden Spiel, den Schlangen zu entkommen!In einer Raumstation irgendwo im Weltall arbeiten die fleißigen Nager in aller Ruhe, als es plötzlich nach Gefahr riecht. Und tatsächlich: Schlangen haben die Station erreicht und kriechen frei herum und es werden immer mehr! Klettert die Leitern rauf, rutscht die Luftschächte runter, aber lasst euch nie von einer Schlange erwischen.Kannst du zusammen mit deinen Mitspielern den Nagern beim Einsammeln ihrer Notfallausrüstung helfen? Schafft ihr es gemeinsam zur Rettungskapsel, bevor die Zeit abläuft?&#xD;
Für 2-4 Spieler. Spieldauer: 20 Min.</marc:subfield>
   </marc:datafield>
</marc:record>
